Asociación de Exlibristas de Barcelona : circular para nuestros asociados circular para nuestros asociados
Descripción Física:
1 volum ; 29 cm
Materias:
Asociación de Exlibristas de Barcelona
; Asociación de Exlibristas de Barcelona -- Revistes
; Ex-libris -- Revistes
; Exlibristes -- Revistes
Idioma:
Español
MARC
| LEADER | 00000nas a2200000 a 4500 | ||
|---|---|---|---|
| 003 | Arxiu | ||
| 005 | 20260324180139.0 | ||
| 008 | 160829d19511970spcfrxp spa c | ||
| 040 | |a AGDB | ||
| 080 | |a Revistes | ||
| 245 | 0 | 0 | |a Asociación de Exlibristas de Barcelona : |b circular para nuestros asociados |
| 260 | |a Barcelona : |b AEB, |c 1951-1970 | ||
| 300 | |a 1 volum ; |c 29 cm | ||
| 362 | |a Any 1, no. 1 (jun. 1951)-año 10, no. 39/40 (jun./dic. 1970) | ||
| 590 | |a Semestral. | ||
| 590 | |a Descripció basada en: Any 3, núm. 6 (des. 1953). | ||
| 590 | |a Prové de R-140, exp. 41 | ||
| 610 | 2 | 0 | |9 56175 |a Asociación de Exlibristas de Barcelona |
| 610 | 2 | 0 | |9 56176 |a Asociación de Exlibristas de Barcelona |v Revistes |
| 650 | |a Ex-libris |x Revistes |9 47800 | ||
| 650 | 0 | |a Exlibristes |9 47801 |v Revistes | |
| 710 | 2 | |9 56175 |a Asociación de Exlibristas de Barcelona | |
| 866 | |a Any 3, 1953 (6) | ||
| 901 | |a Arxiu | ||
| 942 | |n 1 |2 udc |c ARXIU | ||
| 952 | |0 0 |1 0 |4 0 |6 REV2065 |7 1 |9 54123 |a Arxiu |b Arxiu |d 2023-04-12 |h Any 3, núm. 6 (desembre 1953) |o Rev-2065 |p 27718 |r 2016-12-01 00:00:00 |w 2016-12-01 |y ARXIU | ||
| 999 | |c 57992 |d 57992 | ||